[Event "Paul Keres A"]
[Site "Montreal CAN"]
[Date "1995.02.07"]
[Round "5"]
[White "Bolduc, Steve"]
[Black "Berube, Richard"]
[Result "1/2-1/2"]
[WhiteElo "2178"]
[BlackElo "2272"]
[PlyCount "71"]
[GameId "2160767912130412"]
[EventDate "1995.01.03"]
[EventType "tourn"]
[EventRounds "7"]
[EventCountry "CAN"]
[SourceTitle "hb 2011"]

1. d4 Nf6 2. Nf3 g6 3. Bg5 Bg7 4. e3 O-O 5. Nbd2 d6 6. Bc4 Nbd7 7. Qe2 b6 8. O-O c5 9. c3 h6 10. Bh4 Qc7 11. Rad1 Bb7 12. e4 e5 13. dxe5 dxe5 14. Bg3 Nh5 15. Nh4 Kh7 16. Nf5 Nxg3 17. Nxg3 Bf6 18. Rfe1 Rad8 19. Ndf1 Bg5 20. Ne3 Bxe3 21. Qxe3 Nf6 22. h4 Ng4 23. Qf3 Bc8 24. Nf1 Kg7 25. Qe2 Qe7 26. f3 Rxd1 27. Qxd1 Rd8 28. Qe2 Nf6 29. g4 Ne8 30. Qf2 Nd6 31. Bd5 Kh7 32. Ne3 f6 33. Qg3 b5 34. Bb3 Bb7 35. Bd5 Bc8 36. Bb3 1/2-1/2

[Event "Paul Keres A"]
[Site "Montreal CAN"]
[Date "1995.02.21"]
[Round "7"]
[White "Bolduc, Steve"]
[Black "Tremblay, Alain"]
[Result "1-0"]
[WhiteElo "2178"]
[BlackElo "1906"]
[PlyCount "71"]
[GameId "2160767912130415"]
[EventDate "1995.01.03"]
[EventType "tourn"]
[EventRounds "7"]
[EventCountry "CAN"]
[SourceTitle "hb 2011"]

1. d4 Nf6 2. Nf3 d5 3. c4 c6 4. Nc3 dxc4 5. a4 Bf5 6. e3 e6 7. Bxc4 Nbd7 8. O-O Bb4 9. Qe2 O-O 10. e4 Bg4 11. Rd1 Qe7 12. e5 Nd5 13. Ne4 Ba5 14. h3 Bxf3 15. Qxf3 Bc7 16. Re1 Qb4 17. Qe2 N7b6 18. b3 Nxc4 19. bxc4 Nc3 20. Qd2 Ba5 21. Ba3 Nxe4 22. Qxb4 Bxb4 23. Bxb4 c5 24. dxc5 a5 25. Ba3 Nd2 26. c6 Rfd8 27. cxb7 Rab8 28. Bd6 Rxb7 29. c5 Ne4 30. Rac1 Nxd6 31. exd6 Rbb8 32. c6 Rxd6 33. c7 Rc8 34. Red1 Rd5 35. Rxd5 exd5 36. Rb1 1-0

[Event "Pere Noel"]
[Site "Montreal CAN"]
[Date "1994.12.26"]
[Round "1"]
[White "Bolduc, Steve"]
[Black "Abouchakra, Khaled"]
[Result "1-0"]
[WhiteElo "2162"]
[BlackElo "1892"]
[PlyCount "55"]
[GameId "2160767912140029"]
[EventDate "1994.12.26"]
[EventType "swiss"]
[EventRounds "5"]
[EventCountry "CAN"]
[SourceTitle "hb 2011"]

1. d4 e6 2. c4 f5 3. g4 d5 4. Bg2 dxc4 5. Nc3 Nf6 6. e4 Nxg4 7. e5 g6 8. Nf3 Nc6 9. h3 Nh6 10. Bg5 Qd7 11. d5 Nb4 12. Nd4 Nd3+ 13. Kf1 Nf7 14. Bf6 Rg8 15. Nxe6 Nfxe5 16. Qe2 Bd6 17. f4 Qf7 18. fxe5 Bb4 19. Nb5 Ba5 20. Ng5 Qf8 21. d6 c6 22. Nxh7 Qf7 23. Ng5 Qf8 24. Na3 Nf4 25. Qxc4 Nxg2 26. Kxg2 Bd8 27. Rhe1 Bd7 28. Ne6 1-0

[Event "Pere Noel"]
[Site "Montreal CAN"]
[Date "1994.12.17"]
[Round "2"]
[White "Bacis, Jean Francois"]
[Black "Bolduc, Steve"]
[Result "1/2-1/2"]
[WhiteElo "1585"]
[BlackElo "2162"]
[PlyCount "96"]
[GameId "2160767912140033"]
[EventDate "1994.12.26"]
[EventType "swiss"]
[EventRounds "5"]
[EventCountry "CAN"]
[SourceTitle "hb 2011"]

1. e4 e6 2. d4 d5 3. Nc3 dxe4 4. Nxe4 Bd7 5. Nf3 Bc6 6. Bd3 Nd7 7. O-O Ngf6 8. Qe2 Be7 9. b3 O-O 10. c4 Bxe4 11. Bxe4 Nxe4 12. Qxe4 c6 13. Bb2 Re8 14. Rfd1 Qb6 15. Rd3 Bf6 16. Qf4 Nf8 17. g4 Ng6 18. Qg3 Rad8 19. Rad1 Qa5 20. a3 Be7 21. b4 Qa4 22. c5 Rd7 23. Bc1 Bd8 24. Bf4 Nxf4 25. Qxf4 Bc7 26. Qe4 Rd5 27. h4 f6 28. Kg2 Qc2 29. Qe3 Re7 30. Rc1 Qa4 31. Nd2 Kf7 32. Ne4 Rdd7 33. Nc3 Qxa3 34. Nd5 Qxc1 35. Qxc1 Rxd5 36. Qb1 a6 37. Re3 Rxd4 38. Qxh7 Rxg4+ 39. Kf1 f5 40. h5 Bf4 41. Rd3 Bh6 42. Rd8 Kf6 43. f3 Rxb4 44. Rd1 Rc4 45. Qg6+ Ke5 46. Qg3+ Bf4 47. Re1+ Kd5 48. Rd1+ Ke5 1/2-1/2

[Event "Pere Noel"]
[Site "Montreal CAN"]
[Date "1994.12.28"]
[Round "3"]
[White "Bolduc, Steve"]
[Black "Berson, Jordan"]
[Result "1/2-1/2"]
[WhiteElo "2162"]
[BlackElo "1744"]
[PlyCount "92"]
[GameId "2160767912140038"]
[EventDate "1994.12.26"]
[EventType "swiss"]
[EventRounds "5"]
[EventCountry "CAN"]
[SourceTitle "hb 2011"]

1. d4 Nf6 2. Nf3 e6 3. c4 Bb4+ 4. Bd2 a5 5. Qc2 d5 6. e3 Be7 7. Nc3 b6 8. Ne5 O-O 9. Be2 Bb7 10. Bf3 Nfd7 11. Nxd7 Qxd7 12. cxd5 exd5 13. O-O Na6 14. Rac1 Nb4 15. Qb1 Ba6 16. Be2 Bxe2 17. Nxe2 Bd6 18. a3 Nc6 19. e4 dxe4 20. Qxe4 Rae8 21. Qf3 Ne7 22. Bf4 Bxf4 23. Qxf4 Nd5 24. Qf3 Re6 25. Nf4 Nxf4 26. Qxf4 Rd6 27. Rfd1 c5 28. b4 axb4 29. axb4 cxd4 30. Rc2 Re8 31. h3 d3 32. Rcd2 Rd4 33. Qf3 Rd8 34. Rc1 h6 35. Rc3 Qd5 36. Qe3 b5 37. Rc5 Qc4 38. Rxc4 bxc4 39. Rd1 c3 40. Qc1 c2 41. Rxd3 Rxd3 42. Qxc2 R3d5 43. Qc7 Rd1+ 44. Kh2 R1d7 45. Qc6 Rd6 46. Qc7 R6d7 1/2-1/2

[Event "Pere Noel"]
[Site "Montreal CAN"]
[Date "1994.12.29"]
[Round "4"]
[White "Cormos, Radu"]
[Black "Bolduc, Steve"]
[Result "0-1"]
[WhiteElo "1993"]
[BlackElo "2162"]
[PlyCount "100"]
[GameId "2160767912140044"]
[EventDate "1994.12.26"]
[EventType "swiss"]
[EventRounds "5"]
[EventCountry "CAN"]
[SourceTitle "hb 2011"]

1. e4 e6 2. d4 d5 3. Nd2 dxe4 4. Nxe4 Bd7 5. c4 Bc6 6. Nc3 Bb4 7. a3 Bd6 8. Nf3 h6 9. Bd3 Nf6 10. O-O O-O 11. Ne5 Bxe5 12. dxe5 Nfd7 13. Qe2 Nxe5 14. Qxe5 Qxd3 15. Rd1 Qg6 16. g3 Nd7 17. Qxc7 Qh5 18. Rxd7 Qh3 19. f3 Bxf3 20. Kf2 Qg2+ 21. Ke3 Bc6 22. Rd3 Qf3+ 23. Kd2 Qf2+ 24. Ne2 Be4 25. Re3 Rfd8+ 26. Kc3 Qe1+ 27. Kb3 Rac8 28. Nc3 Qf1 29. Qxd8+ Rxd8 30. Rxe4 Rd3 31. Rf4 Qd1+ 32. Ka2 Qc2 33. Nb5 e5 34. Re4 Rd1 35. Rxe5 Rxc1 36. Rxc1 Qxc1 37. Re4 f5 38. Rd4 Qg1 39. Rd8+ Kh7 40. Rd2 Qc1 41. Rd4 Qc2 42. Rf4 Qe2 43. h4 Qd3 44. h5 Qxg3 45. Rxf5 a6 46. Nd4 Qd3 47. Rf4 Qxc4+ 48. Kb1 b5 49. Rh4 a5 50. Ka1 b4 0-1

[Event "Pere Noel"]
[Site "Montreal CAN"]
[Date "1994.12.30"]
[Round "5"]
[White "Spraggett, Grant"]
[Black "Bolduc, Steve"]
[Result "1/2-1/2"]
[WhiteElo "2318"]
[BlackElo "2162"]
[PlyCount "127"]
[GameId "2160767912140053"]
[EventDate "1994.12.26"]
[EventType "swiss"]
[EventRounds "5"]
[EventCountry "CAN"]
[SourceTitle "hb 2011"]

1. c4 e6 2. Nf3 d5 3. b3 Nf6 4. Bb2 Be7 5. g3 O-O 6. Bg2 b6 7. O-O Bb7 8. e3 c5 9. Nc3 Nc6 10. cxd5 Nxd5 11. Nxd5 Qxd5 12. d4 Qd8 13. Ne5 Qc7 14. dxc5 Nxe5 15. cxb6 axb6 16. Bxb7 Rad8 17. Bxe5 Qxe5 18. Qe2 Rd7 19. Bf3 Rfd8 20. Rad1 Rxd1 21. Rxd1 Rxd1+ 22. Qxd1 Qb2 23. a4 g6 24. Qd3 Bc5 25. h4 h5 26. Be4 Kh7 27. Qc4 Qd2 28. Qc2 Qb4 29. Qb2 Kg8 30. Bd3 Bf8 31. Bc4 Bg7 32. Qc2 Bf6 33. Qe4 Be7 34. Kg2 Bc5 35. Qa8+ Kg7 36. Qb7 Kf6 37. Qb8 Kg7 38. Qe5+ Kg8 39. Kf3 Qd2 40. Kg2 Qb4 41. Qg5 Qc3 42. g4 hxg4 43. h5 Qh8 44. hxg6 Qh3+ 45. Kg1 g3 46. gxf7+ Kxf7 47. fxg3 Ke8 48. a5 Bd6 49. Bf1 Qxg3+ 50. Qxg3 Bxg3 51. a6 Bb8 52. b4 Kd7 53. b5 Kd6 54. Kg2 Ke5 55. Kf3 Kf5 56. Bd3+ Kg5 57. Ke4 Kf6 58. Bc4 Ba7 59. Kf4 Bb8+ 60. Kg4 Ba7 61. Kh5 Bb8 62. Kh6 Ba7 63. Kh7 Kf7 64. Bd3 1/2-1/2

[Event "Paul Keres qual."]
[Site "Montreal CAN"]
[Date "1994.12.01"]
[Round "4"]
[White "Victor, Gary"]
[Black "Bolduc, Steve"]
[Result "0-1"]
[WhiteElo "1920"]
[BlackElo "2154"]
[PlyCount "72"]
[GameId "2160767912140144"]
[EventDate "1994.11.01"]
[EventType "tourn"]
[EventRounds "6"]
[EventCountry "CAN"]
[SourceTitle "Echec+ 1995.03"]

1. e4 e6 2. d4 d5 3. Nc3 dxe4 4. Nxe4 Bd7 5. Nf3 Bc6 6. Bd3 Nd7 7. O-O Be7 8. Qe2 Ngf6 9. Re1 Nxe4 10. Bxe4 Bxe4 11. Qxe4 c6 12. Bf4 O-O 13. c3 a5 14. a4 Re8 15. h3 Qb6 16. Qc2 c5 17. dxc5 Bxc5 18. Rad1 Rad8 19. Ng5 Nf8 20. Ne4 Be7 21. Nd2 Ng6 22. Be3 Qc6 23. Qe4 Qc8 24. Nf3 f5 25. Qc2 e5 26. Qb3+ Kh8 27. Ng5 Bxg5 28. Bxg5 Rxd1 29. Rxd1 h6 30. Qf7 Qe6 31. Qxe6 Rxe6 32. Bd8 e4 33. Bxa5 f4 34. c4 e3 35. Bc3 e2 36. Re1 f3 0-1

[Event "Quebec op"]
[Site "Montreal CAN"]
[Date "1994.07.25"]
[Round "3"]
[White "Bolduc, Steve"]
[Black "Dorion, Francois"]
[Result "1-0"]
[WhiteElo "2142"]
[BlackElo "1869"]
[PlyCount "51"]
[GameId "2160767912202242"]
[EventDate "1994.07.23"]
[EventType "swiss"]
[EventRounds "8"]
[EventCountry "CAN"]
[SourceTitle "EXT 94op"]

1. d4 Nf6 2. Nf3 e6 3. c4 b6 4. g3 Bb7 5. Bg2 Be7 6. O-O Qc8 7. Nc3 O-O 8. d5 Bb4 9. Nh4 Bxc3 10. bxc3 h6 11. e4 Kh8 12. e5 Ng8 13. Be4 Na6 14. Ba3 d6 15. f4 Nc5 16. Bc2 Qe8 17. Bxc5 dxc5 18. Qd3 g6 19. f5 exf5 20. Rxf5 Bc8 21. e6 Ne7 22. Rf6 fxe6 23. Nxg6+ Nxg6 24. Rxg6 Rf5 25. Rxe6 Bxe6 26. dxe6 1-0

[Event "Quebec op"]
[Site "Montreal CAN"]
[Date "1994.07.26"]
[Round "4"]
[White "Michaud, Gerald"]
[Black "Bolduc, Steve"]
[Result "0-1"]
[WhiteElo "1942"]
[BlackElo "2142"]
[PlyCount "90"]
[GameId "2160767912202267"]
[EventDate "1994.07.23"]
[EventType "swiss"]
[EventRounds "8"]
[EventCountry "CAN"]
[SourceTitle "EXT 94op"]

1. d4 d5 2. c4 c6 3. Nc3 e5 4. cxd5 cxd5 5. Nf3 e4 6. Nd2 Nf6 7. Nb3 Be7 8. Bg5 Bg4 9. h3 Bh5 10. Qd2 Nc6 11. Rc1 O-O 12. e3 Rc8 13. Bxf6 Bxf6 14. Nxd5 Qxd5 15. Rc5 Qd8 16. Rxh5 g6 17. Rc5 Be7 18. Rc4 b5 19. Rxc6 Rxc6 20. Bxb5 Qb6 21. Qe2 Bb4+ 22. Kf1 Rc7 23. d5 Rfc8 24. Bc6 a5 25. g3 a4 26. Nd4 Bc5 27. Kg2 Bxd4 28. exd4 Qxd4 29. Rd1 Qb4 30. a3 Qb3 31. Rd4 f5 32. Rb4 Qa2 33. Qc4 Qxc4 34. Rxc4 Rb8 35. Rc2 Kf8 36. Kf1 Ke7 37. Ke2 Kd6 38. Kd2 Ra7 39. Kc1 Rb3 40. Rc4 Rf3 41. Bxa4 Rxf2 42. Bd1 e3 43. Rc2 Rc7 44. Rc6+ Rxc6+ 45. dxc6 e2 0-1

[Event "Quebec op"]
[Site "Montreal CAN"]
[Date "1994.07.27"]
[Round "5"]
[White "Bolduc, Steve"]
[Black "Levtchouk, George"]
[Result "0-1"]
[WhiteElo "2142"]
[BlackElo "2305"]
[PlyCount "94"]
[GameId "2160767912202278"]
[EventDate "1994.07.23"]
[EventType "swiss"]
[EventRounds "8"]
[EventCountry "CAN"]
[SourceTitle "EXT 94op"]

1. e4 g6 2. d4 Bg7 3. Nc3 d6 4. f4 Nc6 5. Be3 Nf6 6. Be2 e6 7. Bf3 O-O 8. e5 Nd7 9. Nge2 Nb6 10. O-O f6 11. exd6 cxd6 12. d5 exd5 13. Nxd5 Re8 14. Bd2 Be6 15. Bc3 Na4 16. Nd4 Bf7 17. f5 Nxc3 18. bxc3 Re5 19. Ne6 Bxe6 20. fxe6 Rxe6 21. Qb1 Rb8 22. Qb3 Kh8 23. Nb4 Re8 24. Nd5 f5 25. Qa4 Be5 26. g3 Qg5 27. Bg2 Bg7 28. Rae1 Qd2 29. Rd1 Qg5 30. Rfe1 Re5 31. Qf4 Qd8 32. h4 Qa5 33. h5 Rbe8 34. Rxe5 dxe5 35. Qh4 Qd8 36. Qh3 Kg8 37. g4 Qg5 38. hxg6 hxg6 39. gxf5 gxf5 40. Nc7 Re7 41. Nd5 Rf7 42. Kf2 e4 43. Ke2 Ne5 44. Qh2 Qg6 45. Rg1 Qa6+ 46. Ke1 Qd6 47. Ne3 Nf3+ 0-1

[Event "Quebec op"]
[Site "Montreal CAN"]
[Date "1994.07.28"]
[Round "6"]
[White "Vallieres, Mario"]
[Black "Bolduc, Steve"]
[Result "1/2-1/2"]
[WhiteElo "1979"]
[BlackElo "2142"]
[PlyCount "126"]
[GameId "2160767912202308"]
[EventDate "1994.07.23"]
[EventType "swiss"]
[EventRounds "8"]
[EventCountry "CAN"]
[SourceTitle "EXT 94op"]

1. d4 d5 2. Nc3 Bf5 3. f3 e6 4. e4 Bg6 5. Nh3 Bb4 6. e5 c5 7. a3 Ba5 8. Bd2 cxd4 9. Nb5 Bc7 10. f4 Nc6 11. Bb4 Nge7 12. Bxe7 Qxe7 13. Bd3 O-O 14. O-O Bxd3 15. Qxd3 h6 16. Kh1 a6 17. Nxd4 Nxd4 18. Qxd4 g6 19. Rf3 Bb8 20. Raf1 Ba7 21. Qd3 Rac8 22. Nf2 Bxf2 23. R1xf2 Rc4 24. g4 Qc5 25. c3 Re4 26. Qd2 Kg7 27. f5 exf5 28. gxf5 Rxe5 29. Rh3 g5 30. f6+ Kg6 31. Qd3+ Re4 32. Qf3 Rf4 33. Qh5+ Kxf6 34. Qxh6+ Kf5 35. Rxf4+ gxf4 36. Rf3 f6 37. Qxf4+ Ke6 38. Re3+ Kd7 39. Qf5+ Kc7 40. Qe6 Kb8 41. Qe7 Qc8 42. Qd6+ Ka8 43. Qxd5 Rd8 44. Qe4 f5 45. Qf3 Rd2 46. Re2 Rd1+ 47. Kg2 Qg8+ 48. Qg3 Qd5+ 49. Kf2 Rd3 50. Qf4 Qc5+ 51. Kg2 Qc6+ 52. Kf2 Qb6+ 53. Kg2 Qg6+ 54. Kf2 Rd1 55. Qg3 Qh5 56. Qe5 Rd8 57. Qc7 Rg8 58. Ke1 Qh4+ 59. Kd2 f4 60. Qf7 Rd8+ 61. Kc2 Qg4 62. Qe7 Qf5+ 63. Qe4 Qf7 1/2-1/2

[Event "Quebec op"]
[Site "Montreal CAN"]
[Date "1994.07.29"]
[Round "7"]
[White "Rouleau, Paul"]
[Black "Bolduc, Steve"]
[Result "0-1"]
[WhiteElo "1825"]
[BlackElo "2142"]
[PlyCount "56"]
[GameId "2160767912202324"]
[EventDate "1994.07.23"]
[EventType "swiss"]
[EventRounds "8"]
[EventCountry "CAN"]
[SourceTitle "EXT 94op"]

1. e4 c6 2. d4 d5 3. Nc3 dxe4 4. Nxe4 Nd7 5. Nf3 Ngf6 6. Nxf6+ Nxf6 7. Bd3 Bg4 8. c3 e6 9. h3 Bh5 10. Bf4 Bd6 11. Be5 Bxe5 12. dxe5 Nd7 13. g4 Bg6 14. h4 Qa5 15. b4 Qa3 16. Qc2 Bxd3 17. Qxd3 O-O-O 18. Qc2 c5 19. Qb3 cxb4 20. cxb4 Qa6 21. Rc1+ Kb8 22. a4 Rc8 23. Rxc8+ Rxc8 24. Kd2 Nb6 25. Ra1 Rd8+ 26. Ke3 Nd5+ 27. Ke4 Qe2+ 28. Kd4 Nb6+ 0-1

[Event "Quebec op"]
[Site "Montreal CAN"]
[Date "1994.07.30"]
[Round "8"]
[White "Bolduc, Steve"]
[Black "Levkovsky, Alexandre"]
[Result "1-0"]
[WhiteElo "2142"]
[BlackElo "2185"]
[PlyCount "67"]
[GameId "2160767912202331"]
[EventDate "1994.07.23"]
[EventType "swiss"]
[EventRounds "8"]
[EventCountry "CAN"]
[SourceTitle "EXT 94op"]

1. d4 d5 2. c4 c6 3. Nf3 Nf6 4. Nc3 dxc4 5. a4 Bf5 6. e3 e6 7. Bxc4 Bb4 8. O-O O-O 9. h3 Ne4 10. Nxe4 Bxe4 11. Bd3 Bxd3 12. Qxd3 Na6 13. Rd1 Qa5 14. Bd2 Rfd8 15. Bc3 Rac8 16. Ne5 c5 17. Qb5 Qc7 18. Rdc1 Bxc3 19. Rxc3 f6 20. Nf3 Rd5 21. Rac1 Qd6 22. dxc5 Rdxc5 23. Qxb7 Rxc3 24. Rxc3 Rxc3 25. bxc3 Nc5 26. Qa8+ Kf7 27. Qxa7+ Kg6 28. g4 Qd1+ 29. Kg2 Nxa4 30. c4 Nb2 31. Nh4+ Kh6 32. Qf7 g6 33. Qf8+ Kg5 34. Nf3+ 1-0

[Event "Festival gourmands"]
[Site "Asbestos CAN"]
[Date "1993.08.20"]
[Round "1"]
[White "Jobin, Gilles G"]
[Black "Bolduc, Steve"]
[Result "0-1"]
[WhiteElo "1863"]
[BlackElo "2125"]
[PlyCount "116"]
[GameId "2160767912270013"]
[EventDate "1993.08.20"]
[EventType "swiss"]
[EventRounds "5"]
[EventCountry "CAN"]
[SourceTitle "hb 2011"]

1. Nf3 d5 2. d4 c6 3. e3 Bf5 4. Bd3 Bg6 5. O-O Nd7 6. b3 e6 7. Bb2 Bd6 8. Ne5 Nxe5 9. dxe5 Bc5 10. Nd2 Ne7 11. Nf3 Qc7 12. Qd2 O-O 13. a4 a5 14. Bd4 Ba7 15. Bc3 Bb6 16. Bb2 Rfd8 17. Bxg6 Nxg6 18. Rad1 Rac8 19. g4 c5 20. h4 c4 21. Bd4 Bxd4 22. exd4 cxb3 23. cxb3 Qc3 24. Kg2 Qxd2 25. Rxd2 Rc3 26. h5 Nf4+ 27. Kg3 Nd3 28. Rb1 Rdc8 29. Kg2 h6 30. Rbd1 Nb4 31. Rb1 g5 32. Ng1 Rc2 33. Rb2 Rxd2 34. Rxd2 Rc3 35. Rb2 Rd3 36. Ne2 Nc6 37. Kf1 Nxd4 38. Nxd4 Rxd4 39. f3 Rb4 40. Ke2 b5 41. axb5 a4 42. Kd2 axb3 43. Kc3 Rxb5 44. Rxb3 Rxb3+ 45. Kxb3 f6 46. exf6 Kf7 47. Kc3 e5 48. Kd3 Kxf6 49. Ke3 Ke6 50. Kd3 Kd6 51. Ke3 Kc5 52. Kd3 Kb4 53. Kd2 Kc4 54. Kc2 d4 55. Kd2 Kd5 56. Kd3 e4+ 57. Ke2 exf3+ 58. Kxf3 Ke5 0-1

[Event "Festival gourmands"]
[Site "Asbestos CAN"]
[Date "1993.08.21"]
[Round "3"]
[White "Beregovoy, Alexander"]
[Black "Bolduc, Steve"]
[Result "1/2-1/2"]
[WhiteElo "2333"]
[BlackElo "2125"]
[PlyCount "89"]
[GameId "2160767912270023"]
[EventDate "1993.08.20"]
[EventType "swiss"]
[EventRounds "5"]
[EventCountry "CAN"]
[SourceTitle "hb 2011"]

1. d4 d5 2. Nf3 c6 3. e3 Bg4 4. c4 e6 5. Qb3 Qb6 6. c5 Qc7 7. Qa4 Bxf3 8. gxf3 e5 9. Nc3 Nd7 10. b4 g6 11. Bd2 Bg7 12. b5 Ne7 13. Bd3 O-O 14. O-O f5 15. f4 exd4 16. exd4 Nf6 17. bxc6 bxc6 18. Ne2 Nh5 19. Qa5 Qd7 20. Rab1 Rab8 21. Rb3 g5 22. Rfb1 Rxb3 23. Rxb3 gxf4 24. Ba6 f3 25. Nf4 Nxf4 26. Bxf4 Ng6 27. Rb7 Qe6 28. Qc7 Qf6 29. Rxa7 Qxd4 30. Be3 Qa1+ 31. Bf1 f4 32. Bd2 Qf6 33. Qd6 Qg5+ 34. Kh1 Ne5 35. Bc3 Bf6 36. Qe6+ Kh8 37. Bxe5 Bxe5 38. Qh3 Qg6 39. Qxf3 Rg8 40. Qg2 Qb1 41. Qh3 Qe4+ 42. f3 Bd4 43. Ra8 Qg6 44. Rxg8+ Qxg8 45. Qg2 1/2-1/2

[Event "Quebec op"]
[Site "Montreal CAN"]
[Date "1993.07.31"]
[Round "1"]
[White "Bolduc, Steve"]
[Black "Crete, Michel"]
[Result "1-0"]
[WhiteElo "2061"]
[BlackElo "1921"]
[PlyCount "111"]
[GameId "2160767912278311"]
[EventDate "1993.07.31"]
[EventType "swiss"]
[EventRounds "8"]
[EventCountry "CAN"]
[SourceTitle "hb 2011"]

1. e4 e5 2. Nf3 Nc6 3. Bb5 Bc5 4. c3 f5 5. Bxc6 dxc6 6. Nxe5 Bd6 7. Qh5+ g6 8. Nxg6 Nf6 9. Qh4 Rg8 10. e5 Rxg6 11. exf6 Qxf6 12. Qxf6 Rxf6 13. O-O Be6 14. d4 Kf7 15. Nd2 Rg8 16. f4 Rfg6 17. g3 c5 18. Nf3 cxd4 19. cxd4 Bd5 20. Be3 Re8 21. Kf2 Rh6 22. h4 Rg6 23. a3 h6 24. Rfe1 Reg8 25. Rg1 Re6 26. Rae1 Rge8 27. Bd2 Be4 28. Bc3 c6 29. Re3 Bxf3 30. Rxe6 Rxe6 31. Kxf3 h5 32. d5 cxd5 33. Rd1 Re4 34. Rxd5 Ke6 35. Rd3 a6 36. Bd4 b5 37. Be3 Rc4 38. Bd4 Rc2 39. Rd1 Rc4 40. Rd2 Rc6 41. Bc3 Rc4 42. Re2+ Kf7 43. Re3 Rc6 44. Ke2 Bc5 45. Re5 Re6 46. Kf3 Rxe5 47. fxe5 Ke6 48. Kf4 Bf2 49. b3 Bc5 50. Kg5 Bf2 51. Kxh5 Bxg3 52. Kg5 Bf2 53. h5 Be3+ 54. Kg6 Bc1 55. b4 Be3 56. h6 1-0

[Event "Quebec op"]
[Site "Montreal CAN"]
[Date "1993.08.01"]
[Round "2"]
[White "Bergeron, Marc"]
[Black "Bolduc, Steve"]
[Result "0-1"]
[WhiteElo "1967"]
[BlackElo "2061"]
[PlyCount "46"]
[GameId "2160767912278325"]
[EventDate "1993.07.31"]
[EventType "swiss"]
[EventRounds "8"]
[EventCountry "CAN"]
[SourceTitle "hb 2011"]

1. e4 c6 2. d4 d5 3. Nd2 dxe4 4. Nxe4 Nd7 5. Bc4 Ngf6 6. Ng5 e6 7. Qe2 Nb6 8. Bb3 h6 9. N5f3 c5 10. dxc5 Bxc5 11. Qb5+ Nbd7 12. Bf4 O-O 13. Ne2 a6 14. Qd3 e5 15. Nxe5 Qa5+ 16. Kf1 Nxe5 17. Bxe5 Rd8 18. Qg6 Qd2 19. Qxf7+ Kh7 20. Bc3 Qd1+ 21. Rxd1 Rxd1+ 22. Be1 Ne4 23. c3 Nd2+ 0-1

[Event "Quebec op"]
[Site "Montreal CAN"]
[Date "1993.08.02"]
[Round "3"]
[White "Levtchouk, George"]
[Black "Bolduc, Steve"]
[Result "1-0"]
[WhiteElo "2331"]
[BlackElo "2061"]
[PlyCount "35"]
[GameId "2160767912278340"]
[EventDate "1993.07.31"]
[EventType "swiss"]
[EventRounds "8"]
[EventCountry "CAN"]
[SourceTitle "EXT 2022"]
[Source "ChessBase"]
[SourceDate "2021.10.06"]
[SourceVersion "1"]
[SourceVersionDate "2021.10.06"]
[SourceQuality "1"]

1. d4 d5 2. c4 c6 3. Nc3 e5 4. dxe5 d4 5. Ne4 Qa5+ 6. Bd2 Qxe5 7. Ng3 c5 8. Nf3 Qc7 9. Qc2 Bd6 10. Ne4 Ne7 11. e3 Nbc6 12. exd4 cxd4 13. c5 Be5 14. Nxe5 Qxe5 15. f4 Qe6 16. Bc4 Nd5 17. O-O O-O 18. Ng5 1-0

[Event "Quebec op"]
[Site "Montreal CAN"]
[Date "1993.08.03"]
[Round "4"]
[White "Bolduc, Steve"]
[Black "Alvarez, Jose Luis"]
[Result "1-0"]
[WhiteElo "2061"]
[BlackElo "1885"]
[PlyCount "77"]
[GameId "2160767912278352"]
[EventDate "1993.07.31"]
[EventType "swiss"]
[EventRounds "8"]
[EventCountry "CAN"]
[SourceTitle "hb 2011"]

1. d4 f5 2. g3 e6 3. Bg2 Nf6 4. Nf3 Be7 5. O-O O-O 6. c4 d6 7. Nc3 Qe8 8. Re1 Qg6 9. e4 fxe4 10. Nxe4 Nxe4 11. Rxe4 Nc6 12. Nh4 Qf7 13. Nf3 Bf6 14. Bf4 Bd7 15. Qd3 Qg6 16. Rae1 Ne7 17. g4 e5 18. dxe5 Bxg4 19. Bg3 Bxf3 20. exf6 Bxe4 21. fxe7 Rf3 22. Qe2 Rxg3 23. hxg3 Bxg2 24. e8=Q+ Rxe8 25. Qxe8+ Qxe8 26. Rxe8+ Kf7 27. Rc8 Bf3 28. Rxc7+ Kf6 29. Rd7 Ke5 30. Rxg7 Kd4 31. Rf7 Be4 32. f3 Bc6 33. Kf2 Kxc4 34. Rxh7 Kd3 35. g4 d5 36. g5 d4 37. g6 Kc2 38. g7 Bd5 39. Rh8 1-0

[Event "Quebec op"]
[Site "Montreal CAN"]
[Date "1993.08.05"]
[Round "6"]
[White "Bolduc, Steve"]
[Black "Leriche, Felix"]
[Result "1-0"]
[WhiteElo "2061"]
[BlackElo "1987"]
[PlyCount "79"]
[GameId "2160767912278378"]
[EventDate "1993.07.31"]
[EventType "swiss"]
[EventRounds "8"]
[EventCountry "CAN"]
[SourceTitle "EXT 2022"]
[Source "ChessBase"]
[SourceDate "2021.10.06"]
[SourceVersion "1"]
[SourceVersionDate "2021.10.06"]
[SourceQuality "1"]

1. e4 e6 2. d4 d5 3. Nd2 Nf6 4. e5 Nfd7 5. Bd3 c5 6. c3 Nc6 7. Ne2 Be7 8. O-O a5 9. f4 f5 10. exf6 Nxf6 11. Nf3 O-O 12. Ne5 cxd4 13. cxd4 Qb6 14. Kh1 Bd7 15. f5 exf5 16. Nxd7 Nxd7 17. Bxf5 Nf6 18. Be3 Bd6 19. Nf4 Bxf4 20. Rxf4 Rae8 21. Bg1 Re7 22. Qf3 Qxb2 23. Rf1 Qe2 24. Qh3 Nd8 25. R1f2 Qa6 26. Rh4 h6 27. Qg3 Ne4 28. Rxe4 dxe4 29. Bh7+ Kxh7 30. Rxf8 Ne6 31. Qe5 Qd3 32. Rb8 e3 33. Bxe3 Nf4 34. Qxf4 Rxe3 35. h3 Re1+ 36. Kh2 Qb1 37. Rf8 Rh1+ 38. Kg3 Qg6+ 39. Qg4 Re1 40. Rh8+ 1-0

[Event "Quebec op"]
[Site "Montreal CAN"]
[Date "1993.08.07"]
[Round "8"]
[White "Bolduc, Steve"]
[Black "Gravel, Simon M"]
[Result "1/2-1/2"]
[WhiteElo "2061"]
[BlackElo "2102"]
[PlyCount "43"]
[GameId "2160767912278397"]
[EventDate "1993.07.31"]
[EventType "swiss"]
[EventRounds "8"]
[EventCountry "CAN"]
[SourceTitle "EXT 2022"]
[Source "ChessBase"]
[SourceDate "2021.10.06"]
[SourceVersion "1"]
[SourceVersionDate "2021.10.06"]
[SourceQuality "1"]

1. d4 Nf6 2. Nf3 c5 3. c3 b6 4. Bg5 e6 5. Nbd2 Bb7 6. e3 Be7 7. Bd3 d6 8. O-O Nbd7 9. e4 cxd4 10. cxd4 O-O 11. Rc1 h6 12. Bh4 Re8 13. Qe2 Nf8 14. Bb5 N6d7 15. Bg3 a6 16. Bc6 Bxc6 17. Rxc6 Nb8 18. Rc2 b5 19. Nb3 Qd7 20. Na5 Rc8 21. Qd2 Rxc2 22. Qxc2 1/2-1/2

[Event "Open de Montreal"]
[Site "Montreal CAN"]
[Date "1993.05.21"]
[Round "1"]
[White "Clement, Michel"]
[Black "Bolduc, Steve"]
[Result "1-0"]
[WhiteElo "1909"]
[BlackElo "2093"]
[PlyCount "67"]
[GameId "2160767912278821"]
[EventDate "1993.05.21"]
[EventType "swiss"]
[EventRounds "5"]
[EventCountry "CAN"]
[SourceTitle "hb 2011"]

1. e4 c6 2. d4 d5 3. Nc3 dxe4 4. Nxe4 Nd7 5. Nf3 Ngf6 6. Bd3 Nxe4 7. Bxe4 Nf6 8. Bd3 Bg4 9. O-O e6 10. c3 Bd6 11. a4 Qc7 12. h3 h5 13. Re1 O-O-O 14. Qe2 Bh2+ 15. Kf1 Bf4 16. Bxf4 Qxf4 17. Qe5 Nd5 18. hxg4 hxg4 19. Ng1 Rh2 20. Qxf4 Nxf4 21. Be4 f5 22. g3 Ng6 23. Bc2 f4 24. Bxg6 fxg3 25. Re2 Rf8 26. Be4 gxf2 27. Bg2 g3 28. Nf3 Rh5 29. Re3 Rhf5 30. Re5 Kd7 31. Rd1 Ke7 32. Rd3 Kf6 33. Rde3 Rxe5 34. Nxe5 1-0